Normal view MARC view
  • Molina, Silvia,

Entry Nombre Personal

Number of records used in: 20

001 - NUMERO DE CONTROL

  • campo de control: 29354

003 - IDENTIFICADOR DE NUMERO DE CONTROL

  • campo de control: UPN

005 - FECHA Y HORA DE LA ÜLTIMA TRANSACCIÓN

  • campo de control: 20221128092853.0

008 - DATOS DE LONGITUD FIJA

  • campo de control de longitud fija: nabaccnnaabn|||||||||| b |nc|||||d

010 ## - NÚMERO DE CONTROL DE LA BIBLIOTECA DEL CONGRESO

  • Número de control LC: n 79133351

035 ## - NUMERO DE CONTROL

  • Número de control: UPN11000001460

035 ## - NUMERO DE CONTROL

  • Número de control: (OCoLC)oca00364738

040 ## - FUENTE DE CATALOGACIÓN

  • Lenguaje de catalogación: spa
  • Agencia de transcripción: DLC
  • Agencia original de catalogación: DLC
  • Agencia que lo modifica: DLC
  • Agencia que lo modifica: OCoLC
  • Agencia que lo modifica: UPB
  • Agencia que lo modifica: MX-MxUPN

046 ## - FECHAS CON CODIFICACIÓN ESPECIAL

  • Fecha de nacimiento: 1946

053 #4 - NÚMERO DE CLASIFICACIÓN LC

  • Número de clasificación elemento-número único o número inicial de tramo: PQ7298.23.O5

100 1# - ENCABEZAMIENTO - NOMBRE PERSONAL

  • Nombre personal: Molina, Silvia,
  • Fechas asociadas con el nombre: 1946-

370 ## - LUGAR ASOCIADO

  • Fuente del término: naf
  • Associated country: México

374 ## - OCUPACIÓN

  • Fuente del término: lcsh
  • Occupation: Autora

375 ## - GÉNERO

  • Gender: femenino

377 ## - LENGUA ASOCIADA

  • Language code: spa

378 ## - FORMA COMPLETA DE NOMBRE PERSONAL

  • Fuller form of personal name: Pérez Celis de Molina

400 1# - VEÁSE - NOMBRE DE PERSONA

  • Personal name: Pérez Celis de Molina, Silvia,
  • Dates associated with a name: 1946-

400 1# - VEÁSE - NOMBRE DE PERSONA

  • Personal name: Celis de Molina, Silvia Pérez,
  • Dates associated with a name: 1946-

670 ## - FUENTE EN LA QUE SE LOCALIZARON DATOS

  • Cita de la fuente: T
  • Información localizada: Wikipedia

670 ## - FUENTE EN LA QUE SE LOCALIZARON DATOS

  • Cita de la fuente: En su obra: La mañana debe seguir gris, 1977:
  • Información localizada: portada (Silvia Molina) página 4 de la cubierta (n. México, 1946)

670 ## - FUENTE EN LA QUE SE LOCALIZARON DATOS

  • Cita de la fuente: En su obra: Gray skies tomorrow, 1993:
  • Información localizada: CIP portada (Silvia Molina) hoja de datos (full name: Silvia Pérez Celis de Molina)

680 ## - NOTA PUBLICA DE ACCESO PÚBLICO

  • Frase explicativa de la referencia: Narradora, ensayista y editora mexicana

902 ## - CATALOGADOR

  • Catalogador: DAA/220508

902 ## - CATALOGADOR

  • Catalogador: NDAF/281122